000 00359nam a2200133Ia 4500
008 240624s9999 xx 000 0 und d
041 _aeng
082 _a153.9 GOU
100 _aGOUGH JACQUI
245 _aDEVELOPING LEARNING MATERIALS TRAINING E
260 _c1998
_aHyderabad
_bUniversities Press
300 _aviii, : 151 : p. : cm. ; 23
365 _cRS
_b25
999 _c19589
_d19589